Normal view
MARC view
Entry Personal Name
001 - CONTROL NUMBER
- control field: 10474
003 - CONTROL NUMBER IDENTIFIER
- control field: OSt
005 - DATE AND TIME OF LATEST TRANSACTION
- control field: 20160726172022.0
008 - FIXED-LENGTH DATA ELEMENTS
- fixed length control field: 160726|| aca||aabn | a|a d
040 ## - CATALOGING SOURCE
- Original cataloging agency: OSt
- Transcribing agency: OSt
100 ## - HEADING--PERSONAL NAME
- Personal name: Schroeder, Steven A...[etal]
670 ## - SOURCE DATA FOUND
- Source citation: Work cat.: (OSt)4875: Current medical diagnosis & treatment /, 1991
